000 00568nam a2200205 a 4500
001 19507
003 CO-ViMGA
008 141112s2004 ck r 000 u spa d
020 _a8420745812
040 _aCO-ViMGA
_bspa
_cCO-ViMGA
082 0 4 _a940 M853
100 1 _aFranch, Jose Alsina (et al)
_928144
245 1 0 _aEl mundo en el siglo XV
260 _aMadrid :
_bAnaya; 1992
300 _a278 p.
590 _aForma de adquisición : Premio Mincultura
650 1 4 _aHISTORIA MEDIEVAL
_952394
650 1 4 _aHISTORIA UNIVERSAL - SIGLO XV
_928145
942 _2ddc
_cBK
999 _c28647
_d28647